01635nas a2200241Ia 4500001001100000003001000011008004100021040002500062041001300087100002800100210002000128222002000148245003600168250001100204260008100215300001100296310001200307362003700319500045100356501011400807520045100921650002101372R300-R7222IT-CnALBA170116c99999999xx |||||||||||| ||und|| aIT-CnALBAcIT-CnALBA aITALIANO aRASCHINI MARIA ADELAIDE aSTUDI CATTOLICI aSTUDI CATTOLICI 0aSTUDI CATTOLICI. GENNAIO 1992.  a1a ed. aROMA - MILANObARES EDIZIONI c1922 [1° Ed.:1992 - Ed.Ling.Originale: 1992] a96 p.  aMENSILE aFascicolo: 371 / Anno: 36 (1922) aFAMIGLIA E SCUOLA. LA SECONDA VITA, RACCONTO ESPERIENZA DAL CARCERE. IL MESSAGGIO DEI VESCOVI ALL'EUROPA. LA RIFORMA DI HARING SUI DIVORZIATI RISPOSATI. QUALE INFORMAZIONE? QUALE PUBBLICITA'? MARIA G. PALLA P.G. MAY E. W. IDEE, IL RITORNO DEL PASSATO. SOCIOLOGIA, LA FAMIGLIA A RAPPORTO. CONVEGNI. L'ETICA NELL'ECONOMIA. FEDERICO ENRIQUES, PREGIUDIZI DI UN RAZIONALISTA. STERILIZZAZIONE DI MASSA IN BRASILE. ARTI VISIVE, LA ZATTERA E IL DESTINO.  aSocietà San Paolo EM - Piazza San Paolo, 14 - 12051 ALBA (CN) (non commercial uses only) ® Copyright 2017 aFAMIGLIA E SCUOLA. LA SECONDA VITA, RACCONTO ESPERIENZA DAL CARCERE. IL MESSAGGIO DEI VESCOVI ALL'EUROPA. LA RIFORMA DI HARING SUI DIVORZIATI RISPOSATI. QUALE INFORMAZIONE? QUALE PUBBLICITA'? MARIA G. PALLA P.G. MAY E. W. IDEE, IL RITORNO DEL PASSATO. SOCIOLOGIA, LA FAMIGLIA A RAPPORTO. CONVEGNI. L'ETICA NELL'ECONOMIA. FEDERICO ENRIQUES, PREGIUDIZI DI UN RAZIONALISTA. STERILIZZAZIONE DI MASSA IN BRASILE. ARTI VISIVE, LA ZATTERA E IL DESTINO.  aTEOLOGIA SOCIALE